Principles of information security / (Record no. 701)

MARC details
000 -LEADER
fixed length control field 00833cam a2200241 i 4500
001 - CONTROL NUMBER
control field 19429248
005 - DATE AND TIME OF LATEST TRANSACTION
control field 20250224105846.0
008 - FIXED-LENGTH DATA ELEMENTS--GENERAL INFORMATION
fixed length control field 170104s2018 at 000 0 eng
010 ## - LIBRARY OF CONGRESS CONTROL NUMBER
LC control number 2017930059
020 ## - INTERNATIONAL STANDARD BOOK NUMBER
International Standard Book Number 9781337102063
040 ## - CATALOGING SOURCE
Original cataloging agency DLC
Language of cataloging eng
Description conventions rda
Transcribing agency DLC
Modifying agency DLC
042 ## - AUTHENTICATION CODE
Authentication code pcc
050 00 - LIBRARY OF CONGRESS CALL NUMBER
Classification number TK5105.59
Item number .W54 2018
082 00 - DEWEY DECIMAL CLASSIFICATION NUMBER
Classification number 005.8
Edition information 23
100 1# - MAIN ENTRY--PERSONAL NAME
Personal name Whitman, Michael E.,
Dates associated with a name 1964-
Relator term author.
9 (RLIN) 5373
245 10 - TITLE STATEMENT
Title Principles of information security /
Statement of responsibility, etc. Michael E. Whitman, Ph.D., CISM, CISSP, Herbert J. Mattord, Ph.D., CISM, CISSP, Kennesaw State University.
250 ## - EDITION STATEMENT
Edition statement Sixth Edition.
260 #1 - PUBLICATION, DISTRIBUTION, ETC.
Place of publication, distribution, etc. Australia :
Name of publisher, distributor, etc. Cengage Learning,
Date of publication, distribution, etc. [2018]
300 ## - PHYSICAL DESCRIPTION
Extent xx, 728 pages ;
Dimensions 24 cm
650 #0 - SUBJECT ADDED ENTRY--TOPICAL TERM
Topical term or geographic name entry element Computer networks
General subdivision Security measures.
9 (RLIN) 464
650 #0 - SUBJECT ADDED ENTRY--TOPICAL TERM
Topical term or geographic name entry element Computer security.
9 (RLIN) 5374
700 1# - ADDED ENTRY--PERSONAL NAME
Personal name Mattord, Herbert J.,
Relator term author.
9 (RLIN) 5375
Holdings
Withdrawn status Lost status Source of classification or shelving scheme Damaged status Not for loan Home library Current library Date acquired Cost, normal purchase price Total checkouts Total renewals Full call number Barcode Date due Date last seen Date last checked out Cost, replacement price Price effective from Koha item type
    Dewey Decimal Classification     KCST Library KCST Library 14/10/2021 20.87 3 3 005.8 Wh Pr 1000000857 12/03/2026 17/04/2025 17/04/2025 20.87 14/10/2021 Course Textbook
© 2025 KCST. All rights reserved